Les pays du monde par capitale - Statistiques

Statistiques générales
  • Ce quiz a été pris 4 208 fois
    4 164 depuis la dernière actualisation
  • Le résultat moyen est 105 sur 198
Statistiques - réponses
Capitale Pays Continent % Correct
Alger Algérie Afrique
92%
Athènes Grèce Europe
90%
Amsterdam Pays-Bas Europe
90%
Berlin Allemagne Europe
89%
Andorre-la-Vieille Andorre Europe
88%
Brasilia Brésil Amérique
87%
Bruxelles Belgique Europe
86%
Buenos Aires Argentine Amérique
85%
Berne Suisse Europe
84%
Cité du Vatican Vatican Europe
84%
Ankara Turquie Asie
83%
Canberra Australie Océanie
82%
Abu Dhabi Emirats Arabes Unis Asie
82%
Madrid Espagne Europe
82%
Luxembourg Luxembourg Europe
82%
Dublin Irlande Europe
81%
Bangkok Thaïlande Asie
81%
Copenhague Danemark Europe
80%
Mexico Mexique Amérique
80%
Monaco Monaco Europe
80%
Lisbonne Portugal Europe
80%
Moscou Russie Europe
80%
Paris France Europe
79%
Budapest Hongrie Europe
79%
Bagdad Irak Asie
79%
Jerusalem Israel Asie
79%
Londres Royaume-Uni Europe
79%
Pékin Chine Asie
78%
Le Caire Egypte Afrique
78%
Bucarest Roumanie Europe
78%
Kiev Ukraine Europe
78%
Bogota Colombie Amérique
77%
Helsinki Finlande Europe
77%
Guatemala Guatemala Amérique
77%
New Delhi Inde Asie
77%
Ottawa Canada Amérique
76%
Beyrouth Liban Asie
76%
Djibouti Djibouti Afrique
75%
Koweït Koweït Asie
75%
Oslo Norvège Europe
75%
Panama Panama Amérique
75%
Lima Pérou Amérique
74%
Dakar Sénégal Afrique
74%
La Havane Cuba Amérique
73%
Rome Italie Europe
72%
Belgrade Serbie Europe
72%
Bissau Guinée Bissau Afrique
71%
Bamako Mali Afrique
69%
Jakarta Indonésie Asie
68%
Bratislava Slovaquie Europe
68%
Antananarivo Madagascar Afrique
67%
La Valette Malte Europe
67%
Rabat Maroc Afrique
67%
Damas Syrie Asie
67%
Caracas Vénézuela Amérique
67%
La Paz / Sucre Bolivie Amérique
66%
Séoul Corée du Sud Asie
66%
Asuncion Paraguay Amérique
66%
Hanoï Viet-Nam Asie
66%
Kaboul Afghanistan Asie
64%
Tokyo Japon Asie
64%
Prague République Tchèque Europe
64%
Singapour Singapour Asie
64%
Montevideo Uruguay Amérique
64%
Minsk Biélorussie Europe
63%
Jerusalem Est Palestine Asie
63%
Pyongyang Corée du Nord Asie
62%
Reykjavik Islande Europe
62%
Doha Qatar Asie
62%
Ljubljana Slovénie Europe
62%
Stockholm Suède Europe
62%
Pretoria / Le Cap Afrique du Sud Afrique
61%
Nairobi Kenya Afrique
61%
Kuala Lumpur Malaisie Asie
61%
Nicosie Chypre Asie
60%
Addis-Abeba Ethiopie Afrique
60%
Kingston Jamaïque Amérique
60%
Manille Philippines Océanie
60%
Saint-Marin Saint Marin Europe
60%
San Salvador Salvador Amérique
60%
Tunis Tunisie Afrique
60%
Washington Etats-Unis Amérique
59%
Vienne Autriche Europe
58%
Chisinau Moldavie Europe
58%
Islamabad Pakistan Asie
58%
Sofia Bulgarie Europe
57%
Phnom Penh Cambodge Asie
57%
Santiago Chili Amérique
57%
Amman Jordanie Asie
57%
Oulan-Bator Mongolie Asie
57%
Katmandou Népal Asie
57%
Kinshasa République démocratique du Congo Afrique
57%
Quito Equateur Amérique
56%
Varsovie Pologne Europe
56%
Riyad Arabie Saoudite Asie
55%
Erevan Arménie Asie
55%
Port-au-Prince Haïti Amérique
55%
Riga Lettonie Europe
55%
Accra Ghana Afrique
53%
Sao Tomé Sao Tomé et Principe Afrique
53%
Sarajevo Bosnie-Herzégovine Europe
52%
Bakou Azerbaïdjan Asie
51%
Zagreb Croatie Europe
51%
Tallinn Estonie Europe
50%
Abuja Nigéria Afrique
50%
Brazzaville République du Congo Afrique
50%
Conakry Guinée Afrique
49%
Téhéran Iran Asie
49%
Astana Kazakhstan Asie
48%
Podgorica Monténégro Europe
47%
Lomé Togo Afrique
47%
Dacca Bangladesh Asie
46%
Belmopan Belize Amérique
46%
Ouagadougou Burkina Faso Afrique
46%
Wellington Nouvelle-Zélande Océanie
46%
Saint-Domingue République Dominicaine Amérique
46%
Achgabat Turkménistan Asie
46%
Tirana Albanie Europe
45%
Libreville Gabon Afrique
45%
Pristina Kosovo Europe
45%
Tripoli Libye Afrique
45%
Khartoum Soudan Afrique
45%
Vilnius Lituanie Europe
44%
Skopje Macédoine Europe
43%
Niamey Niger Afrique
43%
Bangui République Centrafricaine Afrique
43%
Luanda Angola Afrique
42%
Nassau Bahamas Amérique
42%
Managua Nicaragua Amérique
42%
Freetown Sierra Leone Afrique
42%
Colombo Sri Lanka Asie
42%
Malé Maldives Asie
41%
Mogadiscio Somalie Afrique
41%
Bandar Seri Bruneï Asie
40%
San José Costa Rica Amérique
40%
Bichkek Kirghizistan Asie
40%
Vaduz Liechtenstein Europe
39%
Mascate Oman Asie
39%
Kigali Rwanda Afrique
39%
Paramaribo Suriname Amérique
39%
Sanaa Yémen Asie
39%
Harare Zimbabwe Afrique
39%
Nouakchott Mauritanie Afrique
38%
Castries Sainte-Lucie Amérique
38%
Ndjamena Tchad Afrique
38%
Porto-Novo / Cotonou Bénin Afrique
37%
Asmara Erythrée Afrique
37%
Port-Louis Ile Maurice Afrique
37%
Dili Timor Oriental Asie
37%
Banjul Gambie Afrique
36%
Tbilissi Géorgie Asie
36%
Georgetown Guyana Amérique
36%
Naypyidaw Myanmar Asie
36%
Apia Samoa Océanie
36%
Douchanbé Tadjikistan Asie
36%
Yaoundé Cameroun Afrique
35%
Basse-Terre Saint-Christophe-et-Niévès Amérique
35%
Dodoma Tanzanie Afrique
35%
Praia Cap Vert Afrique
34%
Djouba Soudan du Sud Afrique
34%
Lusaka Zambie Afrique
34%
Gaborone Botswana Afrique
33%
Lilongwe Malawi Afrique
33%
Moroni Comores Afrique
32%
Yamoussoukro Côte d'Ivoire Afrique
32%
Tegucigalpa Honduras Amérique
32%
Kampala Ouganda Afrique
32%
Manama Bahreïn Asie
31%
Roseau Dominique Amérique
31%
Monrovia Libéria Afrique
31%
Maputo Mozambique Afrique
31%
Vientiane Laos Asie
30%
Port Moresby Papouasie-Nouvelle-Guinée Océanie
30%
Fnafuti Tuvalu Océanie
30%
Bujumbura Burundi Afrique
29%
Port-d'Espagne Trinité-et-Tobago Amérique
28%
Tachkent Ouzbékistan Asie
27%
Kingstown Saint-Vincent-et-les-Grenadines Amérique
27%
Port-Vila Vanuatu Océanie
27%
Maseru Lesotho Afrique
26%
Palikir Micronésie Océanie
26%
Victoria Seychelles Afrique
26%
Malabo Guinée équatoriale Afrique
25%
Thimphou Bhoutan Asie
24%
Suva Fidji Océanie
24%
Windhoek Namibie Afrique
24%
Honiara Salomon Océanie
24%
Mbabane Swaziland Afrique
24%
Nukualofa Tonga Océanie
24%
Saint-Georges Grenade Amérique
21%
Majuro Iles Marshall Océanie
20%
Bridgetown Barbades Amérique
19%
Yaren Nauru Océanie
18%
Alofi Niue Océanie
18%
Avarua Iles Cook Océanie
17%
Melekeok Palaos Océanie
17%
Tarawa Kiribati Océanie
16%
Saint-Jean Antigua-et-Barbuda Amérique
14%
Aucun quiz correspondant
Distribution des résultats
% des personnes avec chaque résultat
Percentile par nombre de réponses
Votre historique - résultats
Vous n’avez pas pris ce quiz depuis la dernière actualisation